00458nam a2200157Ia 4500008004100000020001500041082001400056100001900070245008000089250000700169260004200176300002300218500001900241600002000260650002000280240925s9999 xx 000 0 und d a812971132X a337.1 OHM aOhmae, Kenichi 4aThe next global stage: challenges and opportunities in our borderless World aNA aNew Delhi:bPearson Educationc,2005. a191p.b0fOriginal aIncludes Index aSocial Sciences aSocial Sciences